Of relations and the dead : four societies viewed from the angle of their exghanges

Αποθηκεύτηκε σε:
Λεπτομέρειες βιβλιογραφικής εγγραφής
Κύριος συγγραφέας: Barraud, Cecile
Άλλοι συγγραφείς: Suffern, Stephen J. (Μεταφραστής)
Μορφή: Βιβλίο
Γλώσσα:English
Δημοσίευση: Oxford : Berg, 1994
Σειρά:Explorarions in anthropology
Θέματα:
Ετικέτες: Προσθήκη ετικέτας
Δεν υπάρχουν, Καταχωρήστε ετικέτα πρώτοι!

MARC

LEADER 00000nam a2200000 i 4500
001 1/4959
008 960507s1994 eng d
020 |a 1-85973-046-9 
035 |l 10015839 
040 |a GR-MY-UA  |b gre  |e aacr 
041 0 |a eng 
082 0 |a 390 
100 1 |a Barraud, Cecile. 
245 1 0 |a Of relations and the dead :  |b four societies viewed from the angle of their exghanges /  |c Cecile Barraud...[et al.] ; Translated by Stephen J. Suffern 
260 |a Oxford :   |b Berg,   |c 1994 
300 |a 131 p. 
490 1 |a Explorations in anthropology 
504 |a Includes index 
650 0 0 |a Ceremonial exchange. 
650 0 0 |a Rites and ceremonies. 
650 0 0 |a Initiation rites. 
650 0 0 |a Marriage customs and rites. 
650 0 0 |a Funeral rites and ceremonies. 
700 1 |a Suffern, Stephen J.  |4 trl 
830 0 |a Explorarions in anthropology 
852 |a INST  |b LESVOS  |e 19960507  |h 390 OFR  |p 005100010332  |q 005100010332  |t BK  |y 0 
909 |a Λ  |b 045043 
922 |a 1ΔΩΡ  |b 199604  |c ΤΚΑ